LEADER 03924nam 2200625 a 450 001 9910457292203321 005 20200520144314.0 010 $a1-118-23889-3 010 $a1-280-59150-1 010 $a9786613621337 010 $a1-118-22550-3 035 $a(CKB)2550000000082755 035 $a(EBL)818086 035 $a(OCoLC)775301838 035 $a(SSID)ssj0000611441 035 $a(PQKBManifestationID)11368396 035 $a(PQKBTitleCode)TC0000611441 035 $a(PQKBWorkID)10646071 035 $a(PQKB)11701575 035 $a(MiAaPQ)EBC818086 035 $a(CaSebORM)9781118138885 035 $a(Au-PeEL)EBL818086 035 $a(CaPaEBR)ebr10531473 035 $a(CaONFJC)MIL362133 035 $a(OCoLC)785779918 035 $a(EXLCZ)992550000000082755 100 $a20111121d2012 uy 0 101 0 $aeng 135 $aur|n|---||||| 181 $ctxt 182 $cc 183 $acr 200 10$aBuilding a small business that Warren Buffett would love$b[electronic resource] /$fAdam Brownlee 205 $a1st edition 210 $aHoboken, N.J. $cWiley$d2012 215 $a1 online resource (210 p.) 300 $aDescription based upon print version of record. 311 $a1-118-13888-0 320 $aIncludes bibliographical references and index. 327 $aMachine generated contents note: Foreword Acknowledgments Introduction: Painting the Picture of the Ideal Business Chapter 1: Buffett and the Fundamental Business Perspective Chapter 2: The Importance of a Consumer Monopoly or Toll Bridge Chapter 3: Strong, Consistent and Growing Earnings Chapter 4: Emphasizing a High Return on Equity Chapter 5: Retained Earnings - The Fuel for the Engine of Compounding Returns Chapter 6: The Tumor of Long-Term Debt Chapter 7: Keeping Up With the Joneses Chapter 8: With Healthy Net and Gross Margins Chapter 9: Building a Small Business That Warren Buffett Would Love - Finishing the Landscape Epilogue Notes About the Author Index. 330 $a"The guide to making money the Warren Buffett wayThe book that presents the same fundamentals that Warren Buffet used to turn an initial $105,000 investment into a $40 billion fortune in a way the general reader can apply, Building A Small Business that Warren Buffett Would Love is a succinct, logical, and straightforward guide to financial success. Highlighting one simple message: that Warren Buffett successfully invests in great businesses with strong fundamentals, it argues that these fundamentals can be replicated in a small business to yield outstanding results. Offering a solution for people wanting to start a business to provide additional income in today's uncertain economy, and designed to help entrepreneurs build fundamentally sound, small businesses using Warren Buffett's business investment perspective, the book covers: An overview of Warren Buffett's investment methodology and how it applies to small businesses The details of the Buffett investment criteria--a consumer monopoly, strong earnings, low long term debt, and high ROE with the ability to reinvest earnings--and the application of these fundamentals to both start-up and existing small businesses An approach to building a small business that applies the well respected principles of Warren Buffett, the book presents an exciting new look at the steps to success that have been proven trustworthy by one of the richest men in the world"--$cProvided by publisher. 606 $aSmall business$xFinance 606 $aInvestments 608 $aElectronic books. 615 0$aSmall business$xFinance. 615 0$aInvestments. 676 $a658/.022 700 $aBrownlee$b Adam$f1978-$0901254 801 0$bMiAaPQ 801 1$bMiAaPQ 801 2$bMiAaPQ 906 $aBOOK 912 $a9910457292203321 996 $aBuilding a small business that Warren Buffett would love$92014311 997 $aUNINA LEADER 03271oam 2200697 c 450 001 9910163138203321 005 20260302090207.0 010 $a3-7398-0135-2 010 $a3-7398-0134-4 010 $a3-7398-0133-6 024 3 $a9783739801346 035 $a(CKB)3710000001045517 035 $a(MiAaPQ)EBC4625353 035 $a(MiAaPQ)EBC6000383 035 $a(UVK Verlag)9783739801346 035 $a(Narr)9783739801346 035 $a(EXLCZ)993710000001045517 100 $a20260302d2016 uy 0 101 0 $ager 135 $aurcnu|||||||| 181 $2rdacontent 182 $2rdamedia 183 $2rdacarrier 200 10$aRichtig entscheiden $eBetriebswirtschaftliche Entscheidungslehre und unternehmerische Entscheidungspraxis /$fElisabeth Göbel 205 $a2nd ed. 210 $aTübingen$cUVK Verlag$d2016 215 $a1 online resource (322 pages) $cillustrations 300 $a[2., durchgesehene Auflage] 311 08$a3-86764-721-6 320 $aIncludes bibliographical references and index. 327 $a1 Die schwierige Suche nach dem Erkenntnisgegenstand der Betriebswirtschaftslehre (BWL) 2 Das Grundmodell rationaler Entscheidung 3 Entscheidungen bei mehreren Zielen und Sicherheit 4 Entscheidungen bei Ungewissheit 5 Entscheidungen bei Risiko 6 Entscheidungen bei bewusst handelnden Gegenspielern 7 Entscheidungen in Gruppen 8 Grundlagen der deskriptiven Entscheidungstheorie 9 Spezielle Ergebnisse empirischer Entscheidungsforschung 10 Verknüpfung von präskriptiver und deskriptiver Entscheidungstheorie 11 Entscheidungen in Unternehmen ? Probleme und Lösungsvorschläge 12 Schlusswort 330 $aWir treffen im Schnitt 20.000 Entscheidungen am Tag, kleine und große, belanglose und wichtige. (Angehende) Führungskräfte treffen häufig noch mehr Entscheidungen. Offen bleibt jedoch, wie man ?richtig? entscheidet. Geht das überhaupt? Dieses Fachbuch führt den Leser in die Entscheidungstheorie ein und stellt die Unterschiede zwischen der normativen und deskriptiven Entscheidungslehre, d.h. wie man entscheiden sollte und wie man tatsächlich entscheidet, ausführlich dar. Es ist verständlich geschrieben und mit über 150 anschaulichen Beispielen angereichert. Zudem finden sich im Anhang zahlreiche Fragen und Aufgaben zum Verständnis. Das Buch richtet sich an Praktiker, die sich das Handwerkszeug für die Lösung von Entscheidungsproblemen aneignen wollen. 606 $aEntscheidung 606 $aFührung 606 $aGefangenendilemma 606 $aGruppenentscheidung 606 $aManagement 606 $aRationalität 606 $aRisikoentscheidung 606 $aSpieltheorie 606 $aUnternehmen 606 $aZiele 615 4$aEntscheidung 615 4$aFührung 615 4$aGefangenendilemma 615 4$aGruppenentscheidung 615 4$aManagement 615 4$aRationalität 615 4$aRisikoentscheidung 615 4$aSpieltheorie 615 4$aUnternehmen 615 4$aZiele 676 $a658.403 700 $aGöbel$b Elisabeth$4aut$00 801 0$bMiAaPQ 801 1$bMiAaPQ 801 2$bMiAaPQ 906 $aBOOK 912 $a9910163138203321 996 $aRichtig entscheiden$92782227 997 $aUNINA